| 000 | 00433nam a22001697a 4500 | ||
|---|---|---|---|
| 003 | MPLRDC | ||
| 005 | 20220104142853.0 | ||
| 008 | 210129b ||||| |||| 00| 0 eng d | ||
| 082 | _a177.2 GET-3* | ||
| 100 | _aJ. PAUL GETTY著; 罗宝兰译 | ||
| 245 |
_a如何成为成功经营者 _c |
||
| 260 |
_a _b国际文化事业有限公司 _c |
||
| 300 | _b平 | ||
| 490 | _a新知文库;27 | ||
| 650 | _a | ||
| 942 |
_cBK _o177.2 GET-3* |
||
| 999 |
_c34405 _d34395 |
||